000 00624nam a22002297a 4500
003 UA-OsUOA
001 25684
007 ta
008 20040423b un ||||| |||| 00| 0 ukr d
100 _aКоваленко Лідія
090 _a75
_bК56
942 _cSA
040 _aUA-OsUOA
_bukr
_cUA-OsUOA
_dUA-OsUOA
245 _aВін був художником від природи
_bВан Дейк, про нього
300 _aС.19
955 _a0
041 _aukr
080 _a75
044 _aUA
773 0 _w0
_tУрядовий курєр
_dК.
_d2004
_g22 квітня,
650 7 _aМистецтво
_2UDC
999 _c311983
_d311983